[Event "MNT-chT"]
[Site "Podgorica"]
[Date "2020.10.13"]
[Round "7.5"]
[White "Nikac, Predrag"]
[Black "Maljevic, Miloje"]
[Result "1-0"]
[WhiteElo "2324"]
[BlackElo "2011"]
[PlyCount "95"]
[EventDate "2020.10.09"]
[EventType "team-tourn"]
[EventRounds "9"]
[EventCountry "MNE"]
[SourceTitle "CBM 198 Extra"]
[Source "ChessBase"]
[SourceDate "2020.11.30"]
[SourceVersion "1"]
[SourceVersionDate "2020.11.30"]
[SourceQuality "1"]
[WhiteTeam "Buducnost"]
[BlackTeam "Rokada"]
[WhiteTeamCountry "MNE"]
[BlackTeamCountry "MNE"]

1. e4 d6 2. d4 g6 3. Be3 Bg7 4. Qd2 Nf6 5. f3 Nbd7 6. Nc3 c6 7. Bh6 Bxh6 8. Qxh6 Qa5 9. Nge2 b5 10. Nc1 b4 11. Nb3 Qh5 12. Qxh5 Nxh5 13. Nd1 Nf4 14. a3 bxa3 15. Rxa3 h5 16. Ne3 h4 17. Kf2 Nb6 18. Ba6 Kd8 19. Rha1 Rh5 20. Bf1 a5 21. Nxa5 Kc7 22. b4 Ne6 23. Nxc6 Rxa3 24. Rxa3 Kxc6 25. d5+ Kc7 26. dxe6 Bxe6 27. Ra7+ Kd8 28. c4 Nc8 29. Rb7 Bd7 30. Nd5 Bc6 31. Rb8 Bxd5 32. cxd5 Kc7 33. Ra8 Kb7 34. Ra5 Nb6 35. Ba6+ Kb8 36. Bb5 f5 37. Bc6 fxe4 38. fxe4 Re5 39. Ra6 Nc8 40. b5 Kc7 41. Kf3 Rg5 42. Be8 Kb7 43. Bd7 Nb6 44. Bc6+ Kc7 45. Ra7+ Kd8 46. Rb7 Nc4 47. b6 Ne5+ 48. Kf2 1-0

[Event "MNT-chT"]
[Site "Podgorica"]
[Date "2020.10.12"]
[Round "6.1"]
[White "Maljevic, Miloje"]
[Black "Koljevic, Nikolina"]
[Result "0-1"]
[WhiteElo "2011"]
[BlackElo "1910"]
[PlyCount "138"]
[EventDate "2020.10.09"]
[EventType "team-tourn"]
[EventRounds "9"]
[EventCountry "MNE"]
[SourceTitle "CBM 198 Extra"]
[Source "ChessBase"]
[SourceDate "2020.11.30"]
[SourceVersion "1"]
[SourceVersionDate "2020.11.30"]
[SourceQuality "1"]
[WhiteTeam "Rokada"]
[BlackTeam "Cetinje"]
[WhiteTeamCountry "MNE"]
[BlackTeamCountry "MNE"]

1. Nc3 c5 2. e4 Nc6 3. a3 g6 4. Bc4 Bg7 5. d3 Nf6 6. Nge2 a6 7. 0-0 0-0 8. Bg5 b5 9. Ba2 Bb7 10. f4 d6 11. f5 Ne5 12. fxg6 hxg6 13. Nf4 Nh7 14. Nh3 Nxg5 15. Nxg5 Bf6 16. Qd2 Qd7 17. h3 Kg7 18. Bd5 b4 19. axb4 cxb4 20. Na4 Bxd5 21. exd5 Qb5 22. Ne4 Qxd5 23. Kh1 Rab8 24. Qf2 Nd7 25. Nxf6 exf6 26. b3 Rh8 27. Kg1 Rh5 28. Qa7 Qc6 29. Qd4 Ne5 30. Rf2 Rbh8 31. Qf4 Rf5 32. Qg3 Rg5 33. Qf4 Rf5 34. Qg3 Rhh5 35. Raf1 Rhg5 36. Qe3 Qd5 37. Nb6 Qe6 38. Rxf5 Rxf5 39. Rxf5 Qxf5 40. Nd5 Nc6 41. Nc7 Qe5 42. Kf2 Nd4 43. Nxa6 Nxc2 44. Qxe5 fxe5 45. Ke2 Kf6 46. Kd2 Nd4 47. Nxb4 Nxb3+ 48. Ke3 Ke6 49. Na6 d5 50. Nc7+ Kd6 51. Ne8+ Kd7 52. Nf6+ Ke6 53. Ne8 d4+ 54. Kf3 Nc1 55. Nc7+ Kd7 56. Ke4 Kxc7 57. Kxe5 Nxd3+ 58. Kxd4 Ne1 59. g4 Kd6 60. Ke4 Ng2 61. Kf3 Nh4+ 62. Kf4 Ke6 63. Kg5 Nf3+ 64. Kf4 Ne5 65. h4 f5 66. gxf5+ gxf5 67. h5 Nf7 68. Ke3 Ke5 69. Kf3 Nh6 0-1

[Event "MNT-chT"]
[Site "Podgorica"]
[Date "2020.10.09"]
[Round "1.3"]
[White "Maljevic, Miloje"]
[Black "Batricevic, Jovo"]
[Result "1/2-1/2"]
[WhiteElo "2011"]
[BlackElo "2143"]
[PlyCount "48"]
[EventDate "2020.10.09"]
[EventType "team-tourn"]
[EventRounds "9"]
[EventCountry "MNE"]
[SourceTitle "CBM 198 Extra"]
[Source "ChessBase"]
[SourceDate "2020.11.30"]
[SourceVersion "1"]
[SourceVersionDate "2020.11.30"]
[SourceQuality "1"]
[WhiteTeam "Rokada"]
[BlackTeam "Crnogorac"]
[WhiteTeamCountry "MNE"]
[BlackTeamCountry "MNE"]

1. c4 Nc6 2. Nc3 Nf6 3. Nf3 d5 4. cxd5 Nxd5 5. g3 e5 6. d3 Be7 7. Bg2 Be6 8. a3 a5 9. 0-0 0-0 10. Bd2 h6 11. Rc1 Qd7 12. Re1 Nxc3 13. Bxc3 Bf6 14. Nd2 a4 15. Ne4 Be7 16. Nd2 Bd5 17. Nf3 Bf6 18. e4 Bb3 19. Qd2 Rad8 20. Bf1 Qe6 21. Qe3 Qd6 22. h4 b5 23. Bd2 Be7 24. Bc3 Rfe8 1/2-1/2

[Event "MNT-chT 1st League"]
[Site "Podgorica"]
[Date "2019.07.26"]
[Round "7.4"]
[White "Maljevic, Miloje"]
[Black "Miljanic, Boro"]
[Result "0-1"]
[WhiteElo "2052"]
[BlackElo "2370"]
[PlyCount "54"]
[EventDate "2019.07.20"]
[EventType "team-tourn"]
[EventRounds "9"]
[EventCountry "MNE"]
[SourceTitle "EXT 2020"]
[Source "ChessBase"]
[SourceDate "2019.10.17"]
[SourceVersion "1"]
[SourceVersionDate "2019.10.17"]
[SourceQuality "1"]
[WhiteTeam "Rokada"]
[BlackTeam "Elektroprivreda"]
[WhiteTeamCountry "MNE"]
[BlackTeamCountry "MNE"]

1. d4 Nf6 2. Bg5 c6 3. e3 Qa5+ 4. c3 Qxg5 5. Nd2 Qa5 6. f4 d6 7. Ngf3 Bf5 8. Bc4 d5 9. Be2 Qc7 10. Ne5 h5 11. 0-0 e6 12. Ndf3 Nbd7 13. Nh4 Be7 14. h3 Ne4 15. Nxf5 exf5 16. Kh2 Nxe5 17. fxe5 g6 18. c4 dxc4 19. Bxc4 0-0 20. Rxf5 Nd6 21. exd6 Qxd6+ 22. Kh1 gxf5 23. Qxh5 Qg3 24. Rf1 Bd6 25. Kg1 Kg7 26. Rxf5 f6 27. Rf3 Qg5 0-1

[Event "MNT-chT 1st League"]
[Site "Podgorica"]
[Date "2019.07.22"]
[Round "3.4"]
[White "Maljevic, Miloje"]
[Black "Sukovic, Andrej"]
[Result "0-1"]
[WhiteElo "2052"]
[BlackElo "2219"]
[PlyCount "42"]
[EventDate "2019.07.20"]
[EventType "team-tourn"]
[EventRounds "9"]
[EventCountry "MNE"]
[SourceTitle "EXT 2020"]
[Source "ChessBase"]
[SourceDate "2019.10.17"]
[SourceVersion "1"]
[SourceVersionDate "2019.10.17"]
[SourceQuality "1"]
[WhiteTeam "Rokada"]
[BlackTeam "Buducnost"]
[WhiteTeamCountry "MNE"]
[BlackTeamCountry "MNE"]

1. Nf3 c5 2. c4 g6 3. g3 Bg7 4. Bg2 Nf6 5. Nc3 0-0 6. 0-0 Nc6 7. d4 cxd4 8. Nxd4 d6 9. Nxc6 bxc6 10. Bxc6 Rb8 11. Qa4 Bd7 12. Rb1 Bxc6 13. Qxc6 Qa5 14. Qa4 Qh5 15. f3 Qc5+ 16. Kg2 Rb4 17. Be3 Qxc4 18. Qxa7 Ng4 19. fxg4 Bxc3 20. b3 Qe4+ 21. Kg1 Rb7 0-1